[Event "BdR-ch Open 13 0809"]
[Site "Vitrolles"]
[Date "2009.02.14"]
[Round "7"]
[White "Colandrea, Sauveur"]
[Black "Busson, Benoist"]
[Result "0-1"]
[WhiteElo "1865"]
[BlackElo "1994"]
[PlyCount "132"]
[EventDate "2008.10.11"]
[EventType "swiss"]
[EventRounds "9"]
[EventCountry "FRA"]

1. e4 d5 2. exd5 Qxd5 3. Nc3 Qd6 4. Nf3 Nf6 5. d4 c6 6. Be2 Bf5 7. O-O e6 8.
Bg5 Nbd7 9. Qd2 Nd5 10. Nxd5 Qxd5 11. c4 Qd6 12. d5 cxd5 13. cxd5 f6 14. dxe6
Bxe6 15. Rad1 Qxd2 16. Bxd2 Bc5 17. Bf4 O-O 18. a3 a6 19. Nd4 Bf7 20. Bf3 Ne5
21. Be4 Rad8 22. Bxe5 fxe5 23. Nf3 Bb3 24. Rxd8 Rxd8 25. Nxe5 Re8 26. Nd3 Bd4
27. Re1 Rf8 28. Re2 b6 29. Nb4 Rc8 30. g3 a5 31. Bd5+ Bxd5 32. Nxd5 Rc1+ 33.
Kg2 Rb1 34. Rd2 Bxb2 35. a4 Ba3 36. Nc3 Re1 37. Nd5 Bc5 38. Rb2 Bd4 39. Rd2 {
(=)} Bc5 40. Rb2 Re6 41. Kf3 Kf7 42. Nc7 Rf6+ 43. Kg2 Rd6 44. Nb5 Rd1 45. Nc7
Ra1 46. Nd5 Rxa4 47. Nxb6 Rb4 48. Rxb4 Bxb4 49. Kf3 Ke6 50. Ke4 Bc5 51. Nc4 a4
52. f3 Bb4 53. Kd3 a3 54. Kc2 Kd5 55. Ne3+ Kc5 56. Kb3 Bd2 57. Nc2 Bc1 58. f4
Kd5 59. Nb4+ Ke4 60. Kc2 Bb2 61. Nd3 Kf3 62. f5 Bf6 63. Kb3 Be7 64. Ne5+ Kg2
65. Ng4 h5 66. f6 gxf6 0-1

[Event "BdR-ch Open 13 0809"]
[Site "Vitrolles"]
[Date "2009.02.14"]
[Round "7"]
[White "Lenfant, Francois"]
[Black "Milesi, Laurent"]
[Result "0-1"]
[WhiteElo "2085"]
[BlackElo "2091"]
[PlyCount "94"]
[EventDate "2008.10.11"]
[EventType "swiss"]
[EventRounds "9"]
[EventCountry "FRA"]

1. d4 b6 2. Nf3 Bb7 3. g3 f5 4. Bg2 Nf6 5. O-O g6 6. b3 Bg7 7. Bb2 O-O 8. Nbd2
e6 9. c4 Qe7 10. a3 d6 11. b4 Nbd7 12. Qb3 a5 13. Qe3 Rfe8 14. Rfd1 h6 15. Nb3
a4 16. Nc1 Ne4 17. Nd2 Ndf6 18. Nxe4 Bxe4 19. Nd3 Bxg2 20. Kxg2 Qf7 21. Rac1 g5
22. f3 Qg6 23. Qd2 Re7 24. c5 Nd5 25. cxd6 cxd6 26. Rc6 f4 27. Rdc1 Kh7 28.
Rxd6 Ne3+ 29. Kh1 Nf5 30. Rxb6 fxg3 31. hxg3 Nxg3+ 32. Kg2 Nf5 33. Ne5 Bxe5 34.
dxe5 g4 35. f4 g3 36. Rh1 Rc8 37. Kg1 Qg4 38. Rxe6 Rxe6 39. Qd7+ Ne7 40. Qd3+
Qf5 41. Qf3 Qb1+ 42. Kg2 Qxb2 43. Qd3+ Kh8 44. f5 Nxf5 45. Qxf5 Qxe2+ 46. Kh3
Qxe5 47. Qf7 Qf6 0-1

[Event "BdR-ch Open 13 0809"]
[Site "Vitrolles"]
[Date "2009.02.14"]
[Round "7"]
[White "Madranges, Jean"]
[Black "Montanelli, Tristan"]
[Result "0-1"]
[WhiteElo "1820"]
[BlackElo "1611"]
[PlyCount "104"]
[EventDate "2008.10.11"]
[EventType "swiss"]
[EventRounds "9"]
[EventCountry "FRA"]

1. d4 Nf6 2. Nf3 e6 3. e3 c5 4. Bd3 Nc6 5. O-O Be7 6. b3 cxd4 7. exd4 d5 8.
Nbd2 O-O 9. Bb2 Qc7 10. a3 Bd6 11. Qe2 Re8 12. Ne5 Bf8 13. f4 g6 14. Rac1 Qb6
15. Ndf3 Re7 16. Kh1 Bd7 17. Qf2 Ne4 18. Qh4 Qd8 19. c4 f6 20. Nxc6 Bxc6 21.
Rce1 Rf7 22. b4 Be7 23. Re3 f5 24. Qe1 Bf6 25. b5 dxc4 26. Bxc4 Bd5 27. Bd3 Nd6
28. Ne5 Bxe5 29. Rxe5 Nc4 30. Re2 Qb6 31. Qb4 Rc8 32. Rc1 Rfc7 33. Rec2 Ne3 34.
Rxc7 Bxg2+ 35. Kg1 Rxc7 36. Rc5 Nd5 37. Qd2 Bf3 38. Qf2 Bg4 39. a4 Qd6 40. Bc4
Nxf4 41. Qe3 Rxc5 42. dxc5 Qd1+ 43. Kf2 Qc2+ 44. Kg3 Nh5+ 45. Kh4 Qxc4 46. Qe5
Bd1+ 47. Bd4 Qd5 48. Qh8+ Kf7 49. Qxh7+ Ke8 50. Qxg6+ Kd7 51. Qf7+ Kc8 52. Qe8+
Qd8+ 0-1

[Event "BdR-ch Open 13 0809"]
[Site "Vitrolles"]
[Date "2009.02.14"]
[Round "7"]
[White "Nakache, Jonathan"]
[Black "Parroco, Pierre Jean"]
[Result "1-0"]
[WhiteElo "1874"]
[BlackElo "1737"]
[PlyCount "83"]
[EventDate "2008.10.11"]
[EventType "swiss"]
[EventRounds "9"]
[EventCountry "FRA"]

1. e4 e5 2. Nf3 Nc6 3. Bb5 a6 4. Bxc6 dxc6 5. O-O f6 6. d4 exd4 7. Nxd4 c5 8.
Ne2 Qxd1 9. Rxd1 Bd7 10. Nbc3 g5 11. f4 h6 12. h4 O-O-O 13. hxg5 hxg5 14. fxg5
fxg5 15. Bxg5 Be7 16. Bxe7 Nxe7 17. Nf4 Rh4 18. Nfd5 Nxd5 19. Rxd5 Rdh8 20.
Rad1 Bc6 21. Re5 b6 22. Rd3 Rg4 23. Kf2 Rf8+ 24. Rf3 Rd8 25. Nd5 Kb7 26. Rf7
Bxd5 27. exd5 Rd4 28. Ree7 R8xd5 29. Rxc7+ Kb8 30. Rb7+ Kc8 31. Rxb6 Rd2+ 32.
Kf3 Rxc2 33. Rxa6 Kb8 34. Rb6+ Kc8 35. g4 Rc1 36. Rg7 Rf1+ 37. Ke4 Rd4+ 38. Ke5
Re1+ 39. Kf6 Rf1+ 40. Ke6 Re1+ 41. Kf7 Rf4+ 42. Kg8 1-0

[Event "BdR-ch Open 13 0809"]
[Site "Vitrolles"]
[Date "2009.02.14"]
[Round "7"]
[White "Pierrugues, Laurent"]
[Black "Lac, Benjamin"]
[Result "0-1"]
[WhiteElo "1840"]
[BlackElo "2110"]
[PlyCount "94"]
[EventDate "2008.10.11"]
[EventType "swiss"]
[EventRounds "9"]
[EventCountry "FRA"]

1. e4 e5 2. Nf3 Nc6 3. Bc4 Bc5 4. c3 d6 5. d3 h6 6. Bb3 Bg4 7. Qe2 Nf6 8. Be3
Bb6 9. Nbd2 O-O 10. h3 Bxf3 11. Nxf3 Ne7 12. O-O-O Ng6 13. Qd2 Bxe3 14. fxe3 a5
15. g4 a4 16. Bc2 a3 17. b4 c5 18. b5 d5 19. c4 dxe4 20. dxe4 Qxd2+ 21. Rxd2
Kh7 22. Rd6 Rfd8 23. Rhd1 Rxd6 24. Rxd6 Ne8 25. Rd7 b6 26. Bd3 Ra4 27. Nd2 Rb4
28. Nb3 Nh4 29. Rd8 Nc7 30. Rc8 Ne6 31. Ra8 Ng2 32. Kd2 Nc7 33. Rxa3 Nh4 34.
Be2 Ne8 35. Kd3 Nd6 36. Nd2 Ng2 37. Ra6 Rb2 38. Rxb6 Ne1+ 39. Kc3 Rc2+ 40. Kb3
Rxd2 41. a4 Nxe4 42. a5 Rxe2 43. a6 Rxe3+ 44. Kb2 Nd3+ 45. Ka2 Nb4+ 46. Kb2 Rc3
47. a7 Rc2+ 0-1

[Event "BdR-ch Open 13 0809"]
[Site "Vitrolles"]
[Date "2009.02.14"]
[Round "7"]
[White "Collier, Timothy"]
[Black "Poulain, Cedric"]
[Result "1-0"]
[WhiteElo "1903"]
[BlackElo "1933"]
[PlyCount "87"]
[EventDate "2008.10.11"]
[EventType "swiss"]
[EventRounds "9"]
[EventCountry "FRA"]

1. e4 e5 2. Nf3 Nf6 3. Nxe5 d6 4. Nf3 Nxe4 5. d4 d5 6. Bd3 Nc6 7. O-O Be7 8. c4
Nf6 9. h3 O-O 10. a3 dxc4 11. Bxc4 Nd5 12. Nc3 Be6 13. Bd3 Bf6 14. Bc2 Nde7 15.
Ng5 Bf5 16. d5 Nd4 17. Bxf5 Ndxf5 18. Nge4 Be5 19. Qd3 Nd6 20. Ng5 g6 21. Re1
Bf6 22. g4 Nec8 23. Nf3 Nb6 24. Bf4 Ndc4 25. Bh6 Re8 26. Rxe8+ Qxe8 27. g5 Bh8
28. Re1 Qd7 29. Kg2 Nxb2 30. Qc2 N2c4 31. Qb3 Re8 32. Ne4 Nd6 33. Nc5 {(=)} Qc8
34. Rc1 Qf5 35. Rd1 c6 36. Nh4 Qe5 37. Nf3 Qf5 38. Nh4 Qf4 39. Nxb7 Nxb7 40.
dxc6 Na5 41. Qb5 Qxh4 42. Qe2 Rc8 43. c7 Nc6 44. Rd8+ 1-0

[Event "BdR-ch Open 13 0809"]
[Site "Meyreuil"]
[Date "2009.02.21"]
[Round "7"]
[White "Estevez, Ange"]
[Black "Garcia, Robustiano"]
[Result "0-1"]
[WhiteElo "1624"]
[BlackElo "1760"]
[PlyCount "68"]
[EventDate "2009.??.??"]

1. e4 c5 2. Nf3 Nc6 3. g3 g6 4. Bg2 Bg7 5. c3 d6 6. a4 Nf6 7. d3 O-O 8. O-O Bd7
9. Nbd2 a6 10. Nc4 b5 11. axb5 axb5 12. Rxa8 Qxa8 13. Nb6 Qa7 14. Nxd7 Nxd7 15.
Qb3 b4 16. Qd5 Qa6 17. Bd2 Nf6 18. Qb3 Qxd3 19. Rd1 Qb5 20. Bf1 Qb6 21. cxb4
Nxe4 22. Be3 Nxb4 23. Bc4 e6 24. Ra1 d5 25. Bf1 Rb8 26. Bf4 c4 27. Qe3 Qxe3 28.
fxe3 Rc8 29. Ra4 Nc6 30. g4 Bxb2 31. Bh6 Bg7 32. Bxg7 Kxg7 33. Nd4 Nxd4 34.
exd4 c3 0-1

[Event "BdR-ch Open 13 0809"]
[Site "Meyreuil"]
[Date "2009.02.28"]
[Round "7"]
[White "Cortes, Antoine"]
[Black "Israel, Daniel"]
[Result "0-1"]
[WhiteElo "2172"]
[BlackElo "1840"]
[PlyCount "82"]

1. e4 c6 2. Nf3 d5 3. Nc3 dxe4 4. Nxe4 Bf5 5. Ng3 Bg6 6. Ne5 e6 7. Nxg6 hxg6 8.
d4 Bd6 9. Be3 Qc7 10. Qf3 Nf6 11. O-O-O Nbd7 12. Kb1 O-O-O 13. Bc4 Nb6 14. Bb3
Bxg3 15. hxg3 Nfd5 16. Bc1 Qe7 17. Rxh8 Rxh8 18. c4 Nc7 19. Bf4 g5 20. Be3 f6
21. Qe4 Re8 22. Qd3 Rd8 23. Qc3 Kb8 24. Re1 Qf8 25. f3 Qh8 26. g4 Qh2 27. Qc2
Na6 28. a3 Nc7 29. Bg1 Qh1 30. Qe2 Qh4 31. Rc1 Qh8 32. Qe1 Qh1 33. d5 Qxg2 34.
d6 Ne8 35. c5 Nd5 36. Bxd5 cxd5 37. Qxe6 Qxf3 38. d7 Nc7 39. Qe7 Qe4+ 40. Qxe4
dxe4 41. Rd1 Ne6 0-1

[Event "BdR-ch Open 13 0809"]
[Site "Vitrolles"]
[Date "2009.04.06"]
[Round "8"]
[White "Collier, Timothy"]
[Black "Battaglia, Gerard"]
[Result "1/2-1/2"]
[WhiteElo "1925"]
[BlackElo "1916"]
[PlyCount "123"]
[EventDate "2008.10.11"]
[EventType "swiss"]
[EventRounds "9"]
[EventCountry "FRA"]

1. e4 e6 2. d4 d5 3. Nd2 Nf6 4. e5 Ne4 5. Bd3 c5 6. c3 cxd4
7. cxd4 Nc6 8. Ne2 Bb4 9. O-O Nxd2 10. Bxd2 Bxd2 11. Qxd2 O-O 12. Rac1 f5 13.
exf6 Qxf6 14. Bb5 Bd7 15. f4 Rf7 16. Bxc6 bxc6 17. Rf3 Raf8 18. Nc3 Qh6 19.
Rcf1 g6 20. Na4 Qg7 21. Nc5 Bc8 22. Qe3 Re7 23. Qc3 Qf7 24. Re1 Qe8 25. Re5 Rf5
26. Qe3 Qf7 27. g4 Rf6 28. Kg2 Kf8 29. Kg3 Ke8 30. Qa3 h5 31. Qe3 Kd8 32. Qc1
Re8 33. Qe3 hxg4 34. Kxg4 Rf5 35. Kg3 Rh5 36. Rxh5 gxh5 37. Kf2 Qf6 38. Qe5
Qxe5 39. fxe5 Ke7 40. h3 Rg8 41. Ra3 Rf8+ 42. Kg3 Rf1 43. Rxa7+ Kd8 44. Rh7 Rd1
45. Rxh5 Rxd4 46. Rh4 Rd2 47. Rb4 Rc2 48. Nd3 c5 49. Rg4 c4 50. Ne1 Rxb2 51. h4
Rxa2 52. h5 Re2 53. h6 Rxe1 54. h7 Rg1+ 55. Kf3 Rh1 56. Rg8+ Kc7 57. h8=Q Rxh8
58. Rxh8 d4 59. Rh4 Bb7+ 60. Ke2 d3+ 61. Kd2 Bd5 62. Kc3 1/2-1/2

[Event "BdR-ch Open 13 0809"]
[Site "Vitrolles"]
[Date "2009.03.28"]
[Round "8"]
[White "Busson, Benoist"]
[Black "Milesi, Laurent"]
[Result "1/2-1/2"]
[WhiteElo "1996"]
[BlackElo "2091"]
[PlyCount "62"]
[EventDate "2008.10.11"]
[EventType "swiss"]
[EventRounds "9"]
[EventCountry "FRA"]

1. e4 b6 2. d4 Bb7 3. Bd3 e6 4. Nf3 c5 5. d5 exd5 6. exd5 Bxd5 7. O-O Nf6 8.
Nc3 Be6 9. Ne5 Nc6 10. Nxc6 dxc6 11. Qf3 Rc8 12. Ba6 Rc7 13. Bf4 Bd6 14. Rad1
Nd5 15. Bxd6 Qxd6 16. Nb5 cxb5 17. Bxb5+ Ke7 18. c4 Rd8 19. cxd5 Bd7 20. Bxd7
Rcxd7 21. Qe4+ Kf8 22. Qxh7 Qh6 23. Qe4 Qg5 24. f4 Qh5 25. f5 Kg8 26. Rd3 Qg5
27. Re1 Qf6 28. Qe8+ Rxe8 29. Rxe8+ Kh7 30. Rh3+ Qh6 31. Rxh6+ Kxh6 1/2-1/2

[Event "BdR-ch Open 13 0809"]
[Site "Vitrolles"]
[Date "2009.03.28"]
[Round "8"]
[White "Lenfant, Francois"]
[Black "Chauvet, Jean Marc"]
[Result "1/2-1/2"]
[WhiteElo "2095"]
[BlackElo "1983"]
[PlyCount "110"]
[EventDate "2008.10.11"]
[EventType "swiss"]
[EventRounds "9"]
[EventCountry "FRA"]

1. c4 e5 2. g3 f5 3. Bg2 Nf6 4. Nc3 c6 5. d4 e4 6. Bg5 Bb4 7. Qb3 Na6 8. Rc1 h6
9. Bxf6 Qxf6 10. e3 O-O 11. Nge2 d6 12. O-O Qe7 13. Nf4 Bxc3 14. Qxc3 Rf6 15.
b4 g5 16. Ne2 Nc7 17. a4 d5 18. c5 Bd7 19. Rc2 Ne6 20. Qb3 Raf8 21. f4 gxf4 {
(=)} 22. Nxf4 Nxf4 23. Rxf4 Kg7 24. b5 Qf7 25. Rcf2 Qe6 26. Bf1 R6f7 27. Qb4
Qe8 28. Rb2 Qd8 29. Rbf2 Qe8 30. Qa5 Qb8 31. Rb2 Qa8 32. Be2 Kg6 33. Rh4 Rg7
34. Rf4 Qb8 35. bxc6 Bxc6 36. Bb5 Qa8 37. Bxc6 bxc6 38. Qa6 Rc7 39. Qf1 Rb7 40.
Rff2 Rxb2 41. Rxb2 Qc8 42. a5 Qc7 43. a6 Rb8 44. Rf2 Qd7 45. g4 Rf8 46. Rb2 Qc8
47. Rf2 Rf7 48. Rf4 Qd7 49. Qh3 fxg4 50. Rxf7 Qxf7 51. Qxg4+ Kh7 52. Kg2 h5 53.
Qg3 Kh6 54. Qd6+ Kh7 55. Qg3 Kh6 1/2-1/2

[Event "BdR-ch Open 13 0809"]
[Site "Vitrolles"]
[Date "2009.03.28"]
[Round "8"]
[White "Poulain, Cedric"]
[Black "Noireaut, Hung"]
[Result "1-0"]
[WhiteElo "1933"]
[BlackElo "1720"]
[PlyCount "83"]
[EventDate "2008.10.11"]
[EventType "swiss"]
[EventRounds "9"]
[EventCountry "FRA"]

1. Nf3 d5 2. g3 Nf6 3. Bg2 Bf5 4. d3 e6 5. O-O Bc5 6. Nbd2 Nc6 7. Qe1 e5 8. e4
dxe4 9. dxe4 Bg6 10. Nc4 Qe7 11. Nh4 Nd4 12. Ne3 Qe6 13. c3 Nc6 14. Nef5 Kf8
15. b4 Bd6 16. Qe2 h6 17. Nxg6+ fxg6 18. Nxd6 cxd6 19. Qb5 Rb8 20. a4 Kf7 21.
Rd1 Rhf8 22. Bf1 Ke7 23. Qd3 Rbc8 24. Ba3 Ne8 25. Rd2 Rf6 26. Rad1 Qf7 27. Qb5
Kf8 28. Bc4 Qc7 29. Bd5 Rf3 30. Rd3 Rf6 31. Qc4 Qb6 32. R1d2 Qd8 33. Qa2 g5 34.
Be6 Rc7 35. b5 Re7 36. Bxd6 Nb8 37. Bxe7+ Qxe7 38. Bd7 Nd6 39. Bf5 g6 40. Bh3
Nxe4 41. Rd8+ Kg7 42. Qg8# 1-0

[Event "BdR-ch Open 13 0809"]
[Site "Vitrolles"]
[Date "2009.03.28"]
[Round "8"]
[White "Parroco, Pierre Jean"]
[Black "Pierrugues, Laurent"]
[Result "0-1"]
[WhiteElo "1737"]
[BlackElo "1840"]
[PlyCount "60"]
[EventDate "2008.10.11"]
[EventType "swiss"]
[EventRounds "9"]
[EventCountry "FRA"]

1. e4 e6 2. d3 d5 3. Nd2 Nf6 4. Ngf3 c5 5. g3 Nc6 6. Bg2 Be7 7. O-O dxe4 8.
dxe4 e5 9. Nc4 Qc7 10. Bg5 O-O 11. Qe2 Bg4 12. c3 Rad8 13. Rad1 h6 14. Bc1 Be6
15. b3 b5 16. Na3 a6 17. h3 Qa5 18. Qc2 b4 19. Nb1 Qc7 20. Bb2 Bd6 21. c4 Nh5
22. Rd2 f5 23. Rfd1 Nd4 24. Nxd4 exd4 25. Rd3 fxe4 26. Bxe4 Bxh3 27. Qe2 Nf6
28. Nd2 Rde8 29. Re1 Kh8 30. Kh2 Bf5 0-1

[Event "BdR-ch Open 13 0809"]
[Site "Vitrolles"]
[Date "2009.03.28"]
[Round "8"]
[White "Estevez, Ange"]
[Black "Madranges, Jean"]
[Result "1/2-1/2"]
[WhiteElo "1624"]
[BlackElo "1726"]
[PlyCount "48"]
[EventDate "2008.10.11"]
[EventType "swiss"]
[EventRounds "9"]
[EventCountry "FRA"]

1. e4 e6 2. d4 d5 3. Nc3 Nc6 4. e5 f6 5. Bb5 Bd7 6. Nf3 Qe7 7. O-O Qf7 8. Re1
Nge7 9. Qe2 O-O-O 10. a4 h6 11. a5 g5 12. Bxc6 Nxc6 13. a6 b6 14. exf6 Qxf6 15.
Nb5 Kb8 16. c4 Bb4 17. Bd2 Bxd2 18. Qxd2 dxc4 19. d5 Ne7 20. Nxc7 Nxd5 21. Nxd5
exd5 22. Qxd5 {(=)} Bc6 23. Qe5+ Qxe5 24. Nxe5 Bd5 1/2-1/2

[Event "BdR-ch Open 13 0809"]
[Site "Vitrolles"]
[Date "2009.03.28"]
[Round "8"]
[White "Montanelli, Tristan"]
[Black "Cortes, Antoine"]
[Result "0-1"]
[WhiteElo "1624"]
[BlackElo "2172"]
[PlyCount "113"]
[EventDate "2008.10.11"]
[EventType "swiss"]
[EventRounds "9"]
[EventCountry "FRA"]

1. e4 c5 2. b4 cxb4 3. a3 bxa3 4. d4 d5 5. e5 Qa5+ 6. Qd2 Qxd2+ 7. Nxd2 Nc6 8.
Bb5 Bd7 9. Bxc6 Bxc6 10. Ne2 e6 11. Bxa3 Bxa3 12. Rxa3 Ne7 13. O-O Bb5 14. Re1
Bxe2 15. Rxe2 O-O 16. Nf3 Rfc8 17. c3 Nc6 18. Rb2 b6 19. Kf1 Kf8 20. Ke2 Ke7
21. Nd2 Na5 22. Rba2 f6 23. Nf3 Rc7 24. Kd3 Nc4 25. Rb3 a5 26. exf6+ gxf6 27.
Nd2 Kd7 28. Rb1 Nxd2 29. Kxd2 Kc6 30. f4 b5 31. Kd3 a4 32. Ra3 Kb6 33. Ra2 Rac8
34. Ra3 Ka5 35. Rba1 Rc4 36. R1a2 e5 37. fxe5 fxe5 38. dxe5 Re4 39. Rb3 Rxe5
40. Kd4 Re1 41. Rba3 Rd1+ 42. Ke3 Re8+ 43. Kf4 Rf1+ 44. Kg5 Re6 45. g4 Rg6+ 46.
Kh5 Rf4 47. h3 Rc6 48. Rd2 Rf3 49. h4 Rcxc3 50. Rxc3 Rxc3 51. Rxd5 a3 52. Rd7
Rc6 53. Rxh7 a2 54. Ra7+ Ra6 55. Rxa6+ Kxa6 56. g5 a1=Q 57. Kh6 0-1

[Event "BdR-ch Open 13 0809"]
[Site "Vitrolles"]
[Date "2009.03.28"]
[Round "8"]
[White "Anton, Jose"]
[Black "Girard, Jean Pierre"]
[Result "0-1"]
[WhiteElo "1922"]
[BlackElo "1944"]
[PlyCount "32"]
[EventDate "2008.10.11"]
[EventType "swiss"]
[EventRounds "9"]
[EventCountry "FRA"]

1. e4 c5 2. d4 cxd4 3. c3 Nf6 4. e5 Nd5 5. Bc4 Nb6 6. Bb3 d6 7. Nf3 Nc6 8. exd6
Qxd6 9. O-O Bf5 10. cxd4 e6 11. Nc3 Be7 12. Nb5 Qd8 13. Bf4 O-O 14. Bc7 Qd7 15.
Ne5 Nxe5 16. dxe5 Qxb5 0-1

[Event "BdR-ch Open 13 0809"]
[Site "Vitrolles"]
[Date "2009.03.28"]
[Round "8"]
[White "Chauvet, Vincent"]
[Black "Nakache, Jonathan"]
[Result "1-0"]
[WhiteElo "1810"]
[BlackElo "1874"]
[PlyCount "71"]
[EventDate "2008.10.11"]
[EventType "swiss"]
[EventRounds "9"]
[EventCountry "FRA"]

1. e4 Nf6 2. e5 Nd5 3. Bc4 Nb6 4. Bb3 c5 5. c3 d6 6. d4 cxd4 7. cxd4 dxe5 8.
dxe5 Qxd1+ 9. Bxd1 Nc6 10. f4 g5 11. g3 Bf5 12. Nf3 gxf4 13. Bxf4 Bg7 14. O-O
Nc4 15. Ba4 Nxb2 16. Bxc6+ bxc6 17. Nd4 Be4 18. Nc3 Bd5 19. Nf5 Bf8 20. Nxd5
cxd5 21. Rab1 Nc4 22. Rb7 e6 23. Nd6+ Bxd6 24. exd6 O-O 25. d7 e5 26. Bh6 Rfd8
27. Rf5 f6 28. Rxf6 d4 29. Rc7 e4 30. Rxc4 Rxd7 31. Rc5 Kh8 32. Rcf5 Rg8 33.
Rf8 Rd8 34. Rxd8 Rxd8 35. Rf8+ Rxf8 36. Bxf8 1-0

[Event "BdR-ch Open 13 0809"]
[Site "Vitrolles"]
[Date "2009.03.28"]
[Round "8"]
[White "Del Vecchio, Alain"]
[Black "Colandrea, Sauveur"]
[Result "1-0"]
[WhiteElo "1900"]
[BlackElo "1895"]
[PlyCount "57"]
[EventDate "2008.10.11"]
[EventType "swiss"]
[EventRounds "9"]
[EventCountry "FRA"]

1. e4 Nf6 2. e5 Nd5 3. c4 Nb6 4. d4 d6 5. exd6 cxd6 6. Nc3 g6 7. Be3 Bg7 8. Rc1
O-O 9. b3 Nc6 10. d5 Ne5 11. Be2 f6 12. f4 Nf7 13. Nf3 Re8 14. O-O e5 15. dxe6
Rxe6 16. Qd2 Re8 17. Rcd1 Bd7 18. Nd4 Qe7 19. Bf2 Rad8 20. Bf3 d5 21. Nxd5 Nxd5
22. Bxd5 Bc8 23. Rfe1 Qf8 24. b4 Kh8 25. Nb5 Rxe1+ 26. Qxe1 Re8 27. Qd2 a6 28.
Bc5 Qg8 29. Nd6 1-0

[Event "BdR-ch Open 13 0809"]
[Site "Vitrolles"]
[Date "2009.03.28"]
[Round "8"]
[White "Lac, Benjamin"]
[Black "Baquer, Marc"]
[Result "1-0"]
[WhiteElo "2110"]
[BlackElo "1794"]
[PlyCount "71"]
[EventDate "2008.10.11"]
[EventType "swiss"]
[EventRounds "9"]
[EventCountry "FRA"]

1. e4 e6 2. d4 d5 3. e5 c5 4. c3 Nc6 5. Nf3 Bd7 6. Bd3 cxd4 7. cxd4 Qb6 8. Bc2
Rc8 9. a3 Nge7 10. O-O Ng6 11. Nc3 Be7 12. Ne2 O-O 13. b4 Qc7 14. Nf4 Ncxe5 15.
Nxe5 Nxe5 16. Bxh7+ Kxh7 17. Qh5+ Kg8 18. dxe5 f5 19. Ng6 Be8 20. Qh8+ Kf7 21.
Qh7 Bb5 22. Bh6 Bxf1 23. Qxg7+ Ke8 24. Rc1 Bc4 25. Nxf8 Bxf8 26. Qxf8+ Kd7 27.
Qf7+ Kc6 28. Qxe6+ Kb5 29. Qxf5 Re8 30. Bf4 Qc6 31. h4 Rg8 32. h5 d4 33. a4+
Kxa4 34. Ra1+ Kb5 35. e6+ Bd5 36. Ra5+ 1-0

[Event "BdR-ch Open 13 0809"]
[Site "Vitrolles"]
[Date "2009.03.28"]
[Round "8"]
[White "Israel, Daniel"]
[Black "Calatayud, Stephane"]
[Result "1-0"]
[WhiteElo "1840"]
[BlackElo "1620"]
[PlyCount "67"]
[EventDate "2008.10.11"]
[EventType "swiss"]
[EventRounds "9"]
[EventCountry "FRA"]

1. f4 Nf6 2. Nf3 g6 3. b3 Bg7 4. Bb2 d6 5. e3 Nc6 6. Be2 O-O 7. O-O Qe8 8. Bb5
Bd7 9. Bxc6 Bxc6 10. Qe1 Nd7 11. Bxg7 Kxg7 12. Qh4 Bxf3 13. Rxf3 f5 14. Nc3 c6
15. g4 e6 16. Rh3 Rh8 17. Ne2 Qd8 18. Qh6+ Kf7 19. gxf5 exf5 20. Nd4 Qf8 21.
Qh4 Qd8 22. Qg3 Nf6 23. Nf3 Nh5 24. Ng5+ Ke7 25. Qf2 Qf8 26. Qe2 Qf6 27. Rf1
Kd7 28. Qc4 d5 29. Qb4 Rab8 30. Nf3 Ng7 31. Ne5+ Kc7 32. Qa5+ Kc8 33. Qxa7 g5
34. Qxb8+ 1-0

[Event "BdR-ch Open 13 0809"]
[Site "Vitrolles"]
[Date "2009.04.11"]
[Round "9"]
[White "Battaglia, Gerard"]
[Black "Lenfant, Francois"]
[Result "0-1"]
[WhiteElo "1916"]
[BlackElo "2075"]
[PlyCount "86"]
[EventDate "2008.10.11"]
[EventType "swiss"]
[EventRounds "9"]
[EventCountry "FRA"]
[SourceDate "2009.04.05"]

1. d4 Nf6 2. c4 e6 3. Nf3 b6 4. a3 Bb7 5. Nc3 d5 6. b3 Be7 7. Bb2 O-O 8. Qc2 c5
9. e3 cxd4 10. exd4 dxc4 11. bxc4 Bxf3 12. gxf3 Nc6 13. Ne2 Rc8 14. Qa4 Qd7 15.
Ng3 Rfd8 16. Rd1 Na5 17. Qxd7 Rxd7 18. c5 bxc5 19. Bc3 Nc6 20. Bb5 cxd4 21. Bb2
Rd5 22. Ba4 Ne5 23. Ke2 d3+ 24. Kf1 Nc4 25. Bxf6 Bxf6 26. Bb3 Rdd8 27. Ne4 Be5
28. a4 Bf4 29. Kg2 Ne5 30. Rb1 d2 31. Rhd1 h6 32. a5 Nc4 33. Nc3 Nxa5 34. Ne2
Nxb3 35. Rxb3 Rc1 36. Nxc1 dxc1=Q 37. Rxd8+ Kh7 38. Rb7 Be5 39. Rdd7 a5 40.
Rxf7 Kg6 41. Rfd7 a4 42. Rb5 Qf4 43. Rd3 Qc4 0-1

[Event "BdR-ch Open 13 0809"]
[Site "Vitrolles"]
[Date "2009.04.11"]
[Round "9"]
[White "Busson, Benoist"]
[Black "Del Vecchio, Alain"]
[Result "1-0"]
[WhiteElo "1996"]
[BlackElo "1900"]
[PlyCount "79"]
[EventDate "2008.10.11"]
[EventType "swiss"]
[EventRounds "9"]
[EventCountry "FRA"]
[SourceDate "2009.04.05"]

1. e4 c5 2. Nc3 a6 3. g3 b5 4. Bg2 Bb7 5. Nh3 d6 6. O-O Nc6 7. d3 e5 8. f4 Nge7
9. fxe5 Nxe5 10. Nf4 b4 11. Ncd5 Nxd5 12. Nxd5 Bxd5 13. exd5 Be7 14. d4 cxd4
15. Qxd4 a5 16. a3 bxa3 17. Rxa3 O-O 18. b3 Bf6 19. Qe4 Ng6 20. Bd2 Re8 21. Qa4
Qc7 22. c4 Bd4+ 23. Kh1 Re2 24. Bxa5 Qe7 25. Qc6 Re8 26. Qc7 Qe3 27. Qxf7+ Kh8
28. Qf3 Qg5 29. Bb4 Qe7 30. Bxd6 Qd7 31. c5 h6 32. Qd3 Bxc5 33. Bxc5 Qg4 34.
Qf5 Qxf5 35. Rxf5 Rc2 36. d6 Re1+ 37. Bg1 Rcc1 38. Rf1 Rxf1 39. Bxf1 Rxf1 40.
d7 1-0

[Event "BdR-ch Open 13 0809"]
[Site "Vitrolles"]
[Date "2009.04.11"]
[Round "9"]
[White "Calatayud, Stephane"]
[Black "Montanelli, Tristan"]
[Result "1/2-1/2"]
[WhiteElo "1620"]
[BlackElo "1611"]
[PlyCount "85"]
[EventDate "2008.10.11"]
[EventType "swiss"]
[EventRounds "9"]
[EventCountry "FRA"]
[SourceDate "2009.04.05"]

1. e4 Nc6 2. d4 d5 3. e5 f6 4. f4 Nh6 5. Nf3 Bg4 6. c3 e6 7. h3 Bf5 8. Bd3 Be7
9. Be3 fxe5 10. fxe5 Bxd3 11. Qxd3 Nf5 12. Bf2 Bg5 13. g4 Nh4 14. Nxh4 Bxh4 15.
Nd2 O-O 16. O-O Bxf2+ 17. Rxf2 Rxf2 18. Kxf2 Qh4+ 19. Kg2 Rf8 20. Nf3 Qd8 21.
Qe3 Qe8 22. Rf1 h6 23. Qd3 Ne7 24. Nh4 Rxf1 25. Qxf1 g5 26. Nf3 Ng6 27. Kg3 Qf7
28. Qc1 Nf4 29. Qf1 Ng6 30. Qc1 Kg7 31. h4 gxh4+ 32. Nxh4 Nxh4 33. Kxh4 Qe7+
34. Kg3 Qg5 35. Qxg5+ hxg5 36. Kf3 b6 37. Ke3 Kf7 38. Kd3 Ke7 39. b3 Kd7 40. c4
Kc6 41. a3 b5 42. c5 b4 43. a4 1/2-1/2

[Event "BdR-ch Open 13 0809"]
[Site "Vitrolles"]
[Date "2009.04.11"]
[Round "9"]
[White "Cortes, Antoine"]
[Black "Estevez, Ange"]
[Result "1-0"]
[WhiteElo "2172"]
[BlackElo "1632"]
[PlyCount "47"]
[EventDate "2008.10.11"]
[EventType "swiss"]
[EventRounds "9"]
[EventCountry "FRA"]
[SourceDate "2009.04.05"]

1. e4 Nc6 2. d4 d5 3. e5 Bf5 4. c3 e6 5. Nf3 Be7 6. Bb5 a6 7. Bd3 Bxd3 8. Qxd3
h6 9. O-O Qd7 10. b4 Na7 11. a4 b5 12. Nbd2 Bg5 13. Nxg5 hxg5 14. Nb3 Qc6 15.
Nc5 Ne7 16. Bxg5 Nf5 17. g4 Nh4 18. Qg3 Ng6 19. f4 bxa4 20. f5 O-O 21. fxg6
fxg6 22. Qd3 Nb5 23. Qxg6 Nxc3 24. Bh6 1-0

[Event "BdR-ch Open 13 0809"]
[Site "Vitrolles"]
[Date "2009.04.11"]
[Round "9"]
[White "Garcia, Robustiano"]
[Black "Nakache, Jonathan"]
[Result "0-1"]
[WhiteElo "1760"]
[BlackElo "1888"]
[PlyCount "72"]
[EventDate "2008.10.11"]
[EventType "swiss"]
[EventRounds "9"]
[EventCountry "FRA"]
[SourceDate "2009.04.05"]

1. d4 Nf6 2. c4 g6 3. Nc3 Bg7 4. e4 d6 5. Nf3 O-O 6. Be2 e5 7. O-O Nc6 8. d5
Ne7 9. b4 Nh5 10. Re1 f5 11. c5 Nf6 12. Bd3 h6 13. Qb3 Kh7 14. Ba3 f4 15. Rac1
g5 16. Nb5 Ne8 17. Rc2 a6 18. cxd6 cxd6 19. Nc3 b5 20. Rec1 Ng6 21. Bb2 g4 22.
Ne1 Bd7 23. a4 Rb8 24. axb5 axb5 25. Ra1 Qg5 26. Ra5 g3 27. hxg3 fxg3 28. Nf3
Rxf3 29. gxf3 Nf4 30. Ne2 Nh3+ 31. Kf1 g2+ 32. Ke1 g1=Q+ 33. Nxg1 Qxg1+ 34. Bf1
Nf4 35. Rc1 Bh3 36. Kd2 Qxf2+ 0-1